Teen Titans GO! Episodes Season 1 Part 1 Quiz Stats

 Plays Quiz not verified by Sporcle

Score 0/26 Timer 13:00
0 Plays Today
Episode Number Episode Name % Correct
Episode 2 Pie Bros
79.6%
Episode 1 Legendary Sandwich
72.3%
Episode 3 Driver's Ed
55.5%
Episode 4 Dog Hand
46.1%
Episode 6 The Date
46.1%
Episode 25 Colors of Raven
44.5%
Episode 7 Dude Relax
42.4%
Episode 8 Laundry Day
42.4%
Episode 21 Terra-ized
42.4%
Episode 9 Ghost Boy
38.7%
Episode 5 Double Trouble
38.2%
Episode 11 Hey Pizza!
36.1%
Episode 13 Girl's Night Out
36.1%
Episode Number Episode Name % Correct
Episode 19 Meatball Party
36.1%
Episode 18 Starliar
35.6%
Episode 17 Parasite
35.1%
Episode 12 Gorilla
34.6%
Episode 26 The Left Leg
33.5%
Episode 22 Artful Dodgers
33%
Episode 23 Burger vs. Burrito
31.9%
Episode 20 Staff Meeting
30.9%
Episode 24 Matched
29.8%
Episode 15 Super Robin
29.3%
Episode 14 You're Fired!
28.8%
Episode 10 La Larva de Amor
24.6%
Episode 16 Tower Power
24.6%

You're not logged in!

Compare scores with friends on all Sporcle quizzes.
OR
Log In

Show Comments

Extras

Top Quizzes Today


Score Distribution

Your Account Isn't Verified!

In order to create a playlist on Sporcle, you need to verify the email address you used during registration. Go to your Sporcle Settings to finish the process.

Report this User

Report this user for behavior that violates our Community Guidelines.

Details: